000
00307nam a2200121Ia 4500
008
190216s9999||||xx |||||||||||||| ||und||
100
_a
Sivaprsad Venniyoor
245
0
_a
Eonomics-Planning And Economic Policy
260
_b
Venniyoor Pub.Ltd
_c
1990
300
_a
203 pages
650
_a
Economics
942
_c
BK
999
_c
9843
_d
9843